Pun-tastic Matchups Quiz Stats

 Plays Quiz Updated Feb 11, 2019

Support Sporcle.
Go Orange.
Score 0/30 Timer 07:00
4 Plays Today
% Correct
swept
92.5%
hammered
92.1%
buried
90.9%
sank
90.8%
doubled up
90%
tied
89.5%
jumped all over
87.8%
took down
86.6%
slammed
86.3%
took out
86%
derailed
85.6%
mauled
85.5%
clipped
85.3%
outplayed
84.7%
skinned
84%
% Correct
nipped
82.9%
skunked
82.5%
won over
80.9%
edged
80.7%
decimated
78.3%
blew past
77.8%
stopped
76.9%
slipped by
76.8%
wiped out
75.5%
got past
75.5%
throttled
75.3%
defeated
73.9%
overran
70.5%
upset
64.6%
shut out
63.9%

You're not logged in!

Compare scores with friends on all Sporcle quizzes.
OR
Log In
Forgot?

From the Vault

Scientists by Haiku

by Spacemaniac

Science 4m
Laws of motion, and DNA, Double Helix, Scientists, Oh My!
Remove Ads.
Support Sporcle.
Get the best of Sporcle when you Go Orange. This ad-free experience offers more features, more stats, and more fun while also helping to support Sporcle. Thank you for becoming a member.

Show Comments

Extras

Top Quizzes Today


Score Distribution

Your Account Isn't Verified!

In order to create a playlist on Sporcle, you need to verify the email address you used during registration. Go to your Sporcle Settings to finish the process.

Report this User

Report this user for behavior that violates our Community Guidelines.

Details: